Theory of metallurgical processes, pyrometallurgical processes (Record no. 3424)
[ view plain ]
| 000 -LEADER | |
|---|---|
| fixed length control field | 00926nac a22002291u 4500 |
| 010 ## - LIBRARY OF CONGRESS CONTROL NUMBER | |
| LC control number | 72197810 |
| 082 00 - DEWEY DECIMAL CLASSIFICATION NUMBER | |
| Classification number | 669 |
| Item number | V882 |
| 090 ## - LOCALLY ASSIGNED LC-TYPE CALL NUMBER (OCLC); LOCAL CALL NUMBER (OCLC) | |
| -- | 3424 |
| -- | 3424 |
| 100 ## - MAIN ENTRY--PERSONAL NAME | |
| Personal name | Volsky, A. N. |
| 245 10 - TITLE STATEMENT | |
| Title | Theory of metallurgical processes, pyrometallurgical processes |
| Statement of responsibility, etc | [by] A. Volsky [and] E. Sergievskaya. Translated from the Russian by Ivan Savin. |
| 260 ## - PUBLICATION, DISTRIBUTION, ETC. (IMPRINT) | |
| Place of publication, distribution, etc | Moscow, |
| Name of publisher, distributor, etc | Mir Publishers |
| Date of publication, distribution, etc | [1971] |
| 300 ## - PHYSICAL DESCRIPTION | |
| Extent | 360 p. |
| Dimensions | 23 cm. |
| 500 ## - GENERAL NOTE | |
| General note | Translation of Teoriiï¸ a︡ metallurgicheskikh protï¸ s︡essov. |
| 500 ## - GENERAL NOTE | |
| General note | Donations. |
| 500 ## - GENERAL NOTE | |
| General note | Donations - Bibliotheca Alexandrina. |
| 650 #0 - SUBJECT ADDED ENTRY--TOPICAL TERM | |
| Topical term or geographic name as entry element | Nonferrous metals |
| General subdivision | Metallurgy. |
| 650 #0 - SUBJECT ADDED ENTRY--TOPICAL TERM | |
| Topical term or geographic name as entry element | Chemistry, Metallurgic. |
| 650 #0 - SUBJECT ADDED ENTRY--TOPICAL TERM | |
| Topical term or geographic name as entry element | Physical metallurgy. |
| 700 1# - ADDED ENTRY--PERSONAL NAME | |
| Personal name | Sergievskaiï¸ a︡, Elizaveta Maksimovna. |
| 942 ## - ADDED ENTRY ELEMENTS (KOHA) | |
| Item type | Book - Borrowing |
| Call number prefix | 669V882 |
| Withdrawn status | Item status | Source of classification or shelving scheme | Damaged status | Not for loan | Home library | Current library | Shelving location | Date acquired | Source of acquisition | Total Checkouts | Full call number | Barcode | Date last seen | Koha item type |
|---|---|---|---|---|---|---|---|---|---|---|---|---|---|---|
| Dewey Decimal Classification | Central Library | Central Library | First floor | 07/04/2011 | Purchase | 669 VOL | 000030491 | 15/07/2025 | Book - Borrowing |